000 00419pab a2200145 454500
008 180718b1988 xxu||||| |||| 00| 0 eng d
100 _aGupta, Dipankar
245 _aCountry - town nexus and agrarian mobilisation
_bBharatiya Kisan Union as an instance
260 _c1988
300 _a2688-96
362 _a17 Dec.
650 _aPeasants Uprising - India
773 _aEconomic and Political Weekly
909 _a14751
999 _c14751
_d14751